000 00544nam a22001937a 4500
003 CEME
005 20210628202203.0
008 210209b xxu||||| |||| 00| 0 eng d
020 _a1-58488-489-4
040 _c.
082 _a510.2462 JEF
100 _aJeffrey , Alan
_938997
245 _aEssentials of engineering mathematics ,worked examples and problems
250 _a2ND
260 _aNEW YORK
_bCHAPMAN & HALL
_c2004
300 _aVII,882P
650 _aENGINEERING MATHEMATICS-PROBLEMS, EXERCISES ETC.
_958649
942 _cBK
_2ddc
999 _c568799
_d568799